| 000 | 00739cam a2200253 4500 | ||
|---|---|---|---|
| 001 | B214 | ||
| 008 | 090401t1986 xxu||||| |||| 00| 0 eng d | ||
| 035 | _a(Sirsi) u34339 | ||
| 041 | _aeng | ||
| 050 | _a331.712 | ||
| 110 |
_aOffice of Fair Trading _91355 |
||
| 245 | _aRestrictions on the kind of organisation through which members of professions may offer their services: a report by the Director General of Fair Trading | ||
| 260 |
_aLondon _bOffice of Fair Trading _c1986 |
||
| 300 | _a86, (36)p. ; 30cm. | ||
| 350 | _a0 | ||
| 650 | _aACCOUNTANTS | ||
| 650 | _aARCHITECTS | ||
| 650 | _aBARRISTERS | ||
| 650 | _aMONOPOLIES | ||
| 650 | _aPROFESSIONAL PRACTICE | ||
| 650 | _aSOLICITORS | ||
| 942 | _n0 | ||
| 948 | _c04/03/1997 | ||
| 999 |
_c89929 _d89929 |
||